| 000 | 00988nam0a22002411 4500 | ||
|---|---|---|---|
| 001 | rc\3371796 | ||
| 005 | 20130115153313.4 | ||
| 035 | _a(NLR Aleph) 007447517 | ||
| 090 |
_a7181203 _c7181203 |
||
| 100 | _a20130115d1970 |||y0rusy50 ca | ||
| 101 | 0 | _arus | |
| 102 | _aRU | ||
| 105 | _ay z ||||| | ||
| 200 | 1 |
_aЛенинизм - наше знамя _e[Сборник статей] _f[Ред. коллегия: Х.Г. Везиров] [и др.] _gИн-т истории партии ЦК КП Азербайджана. Филиал Ин-та марксизма-ленинизма при ЦК КПСС. Ин-т истории АН Азерб. ССР |
|
| 210 |
_aБаку _cАзерб. гос. изд-во _d1970 |
||
| 215 |
_a463 с. _d21 |
||
| 225 | 1 | _aК 50-летию АзССР и Компартии Азербайджана | |
| 702 | 1 |
_aВезиров _bХ. Г. _4340 |
|
| 801 | 0 |
_aRU _bNLR _gpsbo |
|
| 801 | 1 |
_aRU _bELAR _2rusmarc |
|
| 852 |
_aNLR _j70-3/4279 |
||
| 942 | _cBOOK | ||
| 980 | _aNB | ||